Why do employees break rules? understanding organizational rule-breaking behaviors in hospitality / (Record no. 23102)
[ view plain ]
| 000 -LEADER | |
|---|---|
| fixed length control field | 00875nam a22002297a 4500 |
| 003 - CONTROL NUMBER IDENTIFIER | |
| control field | OSt |
| 005 - DATE AND TIME OF LATEST TRANSACTION | |
| control field | 20260326191409.0 |
| 008 - FIXED-LENGTH DATA ELEMENTS--GENERAL INFORMATION | |
| fixed length control field | 241108b |||||||| |||| 00| 0 eng d |
| 040 ## - CATALOGING SOURCE | |
| Transcribing agency | 0 |
| 082 ## - DEWEY DECIMAL CLASSIFICATION NUMBER | |
| Classification number | DPer 647.94068 In821 August-October 2019 v. 81-83 |
| 100 ## - MAIN ENTRY--PERSONAL NAME | |
| Personal name | Ghost, Ankita. |
| Relator term | author. |
| 9 (RLIN) | 63813 |
| 245 ## - TITLE STATEMENT | |
| Title | Why do employees break rules? understanding organizational rule-breaking behaviors in hospitality / |
| Statement of responsibility, etc. | Ankita Ghost and Cass Shum. |
| 260 ## - PUBLICATION, DISTRIBUTION, ETC. (IMPRINT) | |
| Place of publication, distribution, etc. | Amsterdam ; |
| Name of publisher, distributor, etc. | Elsevier , |
| Date of publication, distribution, etc. | Agust 2019. |
| 300 ## - PHYSICAL DESCRIPTION | |
| Extent | Volume 66, pages 1-10 : |
| Other physical details | illustration ; |
| Dimensions | 28 cm. |
| 500 ## - GENERAL NOTE | |
| General note | International Journal of Hospitality Management, vol. 81, pages 1-10, August 2019. |
| 650 #0 - SUBJECT ADDED ENTRY--TOPICAL TERM | |
| Topical term or geographic name as entry element | Rule-breaking. |
| 9 (RLIN) | 66497 |
| 650 #0 - SUBJECT ADDED ENTRY--TOPICAL TERM | |
| Topical term or geographic name as entry element | Intentions. |
| 9 (RLIN) | 66498 |
| 650 #0 - SUBJECT ADDED ENTRY--TOPICAL TERM | |
| Topical term or geographic name as entry element | Consequences. |
| 9 (RLIN) | 66499 |
| 700 ## - ADDED ENTRY--PERSONAL NAME | |
| Personal name | Ghost, Ankita. |
| Relator term | author. |
| 9 (RLIN) | 63813 |
| 700 ## - ADDED ENTRY--PERSONAL NAME | |
| Personal name | Shum, Cass. |
| Relator term | author. |
| 9 (RLIN) | 66688 |
| 942 ## - ADDED ENTRY ELEMENTS (KOHA) | |
| Source of classification or shelving scheme | Dewey Decimal Classification |
| Koha item type | Periodicals |
| Withdrawn status | Lost status | Source of classification or shelving scheme | Damaged status | Not for loan | Collection code | Home library | Current library | Date acquired | Total Checkouts | Full call number | Date last seen | Price effective from | Koha item type | Public note |
|---|---|---|---|---|---|---|---|---|---|---|---|---|---|---|
| Dewey Decimal Classification | Periodicals | UM Digos College - LIC | UM Digos College - LIC | 11/08/2024 | DPer647.94068 August-October 2019 v. 81-83 | 11/08/2024 | 11/08/2024 | Periodicals | Periodical Article |
